000 00703nam a2200289Ia 4500
005 20260324131020.0
008 008 260324s9999 xx 000 0 eng d
020 _a9780203027806
037 _aEBOOK
040 _aCRL
040 _beng
040 _cCRL
041 _2eng
041 _aeng
084 _qCRL
100 _aPenelope Francks
_91047505
245 0 _aRural Economic Development in Japan
245 0 _bFrom the Nineteenth Century to the Pacific War
260 _bTaylor and Francis
260 _c2006
365 _a
365 _b290
856 _uhttp://www.taylorfrancis.com/books/9780203027806
942 _cEBOOK
999 _c1780688
_d1780688